1030 1427 1920 1058 1997 1092 1968 1926 1277 1987 1836 1442 1023 1087 1249 1859 1692 1588 1454 1949 1981 1518 1833 1834 1980 1699 1761 1619 1104 1772 1817 1634 1918 1121 1869 1823 1110 1797 1785 1052 1452 1579 1894 1997 1904 1350 1399 1230 1206 1688 1421 1925 1851 1474 1353 1399 1278 1016 1176 1168 1781 1801 1504 1496 1382 1785 1694 1334 1431 1180 1334 1588 1558 1784 1618 1814 1472 1578 1646 1685 1257 1831 1179 1495 1973 1394 1254 1920 1587 1546 1656 1603 1975 1103 1254 1648 1259 1463 1645 BCNSPRNW ULIB Ver.6.0+V

เปลี่ยนเป็นภาษาไทย

Change to English
 แสดงรายละเอียดบรรณานุกรม
  กลับหน้าหลัก

Brief Record : Get Marc (ISO 2709) : E-mail record : QR code < ปิดหน้าต่าง
LEADER : 00000nam 2200000uu 4500
001    13399127128
003     ULIB
008    020711s2020 th a 000 0 eng d
020    ^a9781118870570
060    ^aWB39^bJ59M
100    ^aJevon, Philip and Joshi, Ruchi
245    ^aMedical Student Survival Skills: Procedural Skills
250    ^a1st ed
260    ^aHoboken, NJ :^bWiley Blackwell,^c2020
300    ^a192 pages;^b21 cm
650    ^aClinical Medicine
650    ^aClinical Competence
945    ^p1060^l0^i006318
999    ^aประนอม เกษจรัล
รายการนี้ยังไม่มีแท็ก
คุณยังไม่ได้ล็อกอิน คุณสามารถมีกิจกรรมร่วมกับเว็บไซต์ได้ แต่ต้องล็อกอินก่อน ::
  ล็อกอิน

รายการสื่อสารสนเทศ

ลำดับที่ ประเภท เลขเรียก/บาร์โค้ด สถานที่ สถานะ
1. วิทยาศาสตร์การแพทย์ และสุขภาพ
วิทยาศาสตร์การแพทย์ และสุขภาพ
WB39 J59M ฉ.1 
  Barcode: 006318
ห้องสมุดวิทยาเขตสวรรค์ประชารักษ์
►หนังสือทั่วไป
บนชั้น

รายการใกล้เคียง
    หัวเรื่อง [Clinical Medicine]
    หัวเรื่อง [Clinical Competence]

BibComment


ยังไม่เคยถูกคอมเมนท์

คอมเมนท์ทรัพยากรรายการนี้
  คอมเมนท์: Medical Student ..


 Copyright 2026. Bcnsprnw @Library